| 000 | 00457nam a2200169Ia 4500 | ||
|---|---|---|---|
| 999 |
_c187 _d187 |
||
| 020 | _a0-04-301060-1 | ||
| 082 | _a304.6072 PIC-; | ||
| 100 | _aPichat, Jean Bourgeois | ||
| 245 | 0 | _aMain trends in demography | |
| 260 |
_aLondon _bGeorge Allen & Unwin _c1970 |
||
| 300 | _a79p. | ||
| 650 | _aSocial surveys - Social biology | ||
| 650 | _aPopulation - Social aspects | ||
| 650 | _aSocial sciences - Research | ||
| 650 | _aDemography - Research | ||
| 942 | _cBK | ||